000 00870nam a2200277Ia 4500
999 _c1846
_d1846
001 51073400
003 OCoLC
005 20180921151357.0
008 021126s2001 ii a b 001 0 eng d
020 _a817214475X
040 _aBSC
_cBSC
082 _a275.4
_bF5279A
092 _a275.4
_bF527i
100 1 _aFirth, Cyril Bruce.
245 1 3 _aAn introduction to Indian church history /
_cby Cyril Bruce Firth.
246 1 0 _aIndian church history
250 _a[5th] rev. ed.
260 _aMadras, India :
_bPublished for the Senate of Serampore College by ISPCK,
_c2001.
300 _ax, 304 p., [2] fold. leaves of plates :
_bmaps ;
_c18 cm.
490 0 _aThe Christian students' library ;
_vno. 23
500 _aIncludes index.
504 _aBibliography: p. [291]-296.
650 0 _aMissions
_zIndia.
651 0 _aIndia
_xChurch history.
942 _2ddc
_cBK